000 00400cam a2200169 4500
001 D13527
008 090401t1925 xxu||||| |||| 00| 0 eng d
035 _a(Sirsi) u10156
041 _aeng
100 _aNokes, G.D.
245 3 _aAn outline of the law relating to sales by auction
260 _bEstates Gazette
_c1925
350 _a0
520 _aShelf 132
942 _n0
948 _c04/03/1997
999 _c86710
_d86710